00295nam a2200109Ia 4500008004100000041000800041082001900049100001600068245005400084250000900138260003800147230627s9999 xx 000 0 und d aeng a346.043 6bDIV aDivekar G.M aLaw And Practice Of Property Transaction In India a3ed. aPunebHind Law Publicationsc1999